Catálogo

Vista normal Vista MARC

Entrada Personal Name

Número de registros utilizados en: 1

001 - CONTROL NUMBER

  • control field: 15689

003 - CONTROL NUMBER IDENTIFIER

  • control field: Mx-PuUPA

005 - DATE AND TIME OF LATEST TRANSACTION

  • control field: 20240514165106.0

008 - FIXED-LENGTH DATA ELEMENTS

  • fixed length control field: 240514|| aca||aabn | a|a d

040 ## - CATALOGING SOURCE

  • Original cataloging agency: Mx-PuUPA
  • Language of cataloging: spa
  • Transcribing agency: Mx-PuUPA
  • Modifying agency: Mx-PuUPA
  • Description conventions: rda

100 1# - HEADING--PERSONAL NAME

  • Personal name: Rodríguez Díaz, Marta,

370 ## - ASSOCIATED PLACE

  • Place of birth: Madrid, España

373 ## - ASSOCIATED GROUP

  • Associated group: Pontificia Universidad Gregoriana
  • Associated group: Facultad de Filosfía del Ateneo Pontificio

374 ## - OCCUPATION

  • Occupation: Autora
  • Occupation: Doctora en Filosofía
  • Occupation: Profesora

375 ## - GENDER

  • Gender: mujer

377 ## - ASSOCIATED LANGUAGE

  • Language code: spa

400 1# - SEE FROM TRACING--PERSONAL NAME

  • Personal name: Díaz, Marta Rodríguez

670 ## - SOURCE DATA FOUND

  • Source citation: Género, jóvenes e Iglesia : juntar las piezas, 2024:
  • Information found: t.p. ( Marta Rodríguez Díaz) portada